| 000 | 00427nam a2200181Ia 4500 | ||
|---|---|---|---|
| 003 | GCL | ||
| 008 | 140319s9999 xx 000 0 eng d | ||
| 040 |
_aGCL / _cGCL |
||
| 082 | 0 | 4 |
_a808.883 _bD F |
| 100 | 1 | _aDAVID, CLAUDE | |
| 245 | 1 | 0 |
_aFRANZ KAFKA / _cDAVID, CLAUDE |
| 260 |
_a[S.N] : _bFAYARD ، _c1989 |
||
| 300 | _a340 P | ||
| 650 | 0 | 4 | _aLITERATURE |
| 650 | 0 | 4 | _aKAFKA, FRANZ |
| 650 | 0 | 4 | _aJOURNALS |
| 942 |
_2ddc _cBK |
||
| 999 |
_c24478 _d24478 |
||